000 01625nam a2200289Ia 4500
999 _c41642
_d41642
001 8311
003 GE_BSU
005 20211209142725.0
008 181216s2011||||ge |||||||||||||| ||geo||
020 _a9789941104244
040 _cGE_BSU
041 _ageo
080 _a338.244.018(075.8)+658.511(075.8) ჯ-54
100 _aჯიქია, მერაბ
_913241
245 _aეკონომიკური ანალიზი :
_b(თეორია, მეთოდოლოგია, პრაქტიკა) : [დამხმ. სახელმძღვ. /
_cმერაბ ჯიქია, რობიზონ ჩეჩელაშვილი, ფრიდონ ბურდული ; რედ.: იზოლდა ჭილაძე, ზეინაბ გოგრიჭიანი].
264 _aთბილისი :
_bმერიდიანი,
_c2011.
300 _a280 გვ.:
_bცხრ; სქ.;
_c29 სმ.
500 _a ავტ. მითით. თავფურ. მე-2 გვ.
504 _aბიბლიოგრ.: გვ. 278-279.
653 _aეკონომიკური ანალიზი
653 _aსახელმძღვანელოე
700 _a ჩეჩელაშვილი, რობიზონ
_eავტორი
_913242
700 _aბურდული, ფრიდონ
_eავტორი
_913243
700 _aჭილაძე, იზოლდა
_eრედაქტორი
_913244
700 _aგოგრიჭიანი, ზეინაბ
_eრედაქტორი
_913245
942 _cBK
_2udc